Southville International School and Colleges
Your cart is empty.
  • Cart
  • Lists
    Public lists Eva Luna New books Lux_list list_1
    Your lists Log in to create your own lists
  • Log in to your account
  • Your cookies
  • Search history
Southville International School and Colleges
  • Advanced search
  • Recent comments
  • Most popular
  • Libraries

Log in to your account

Log in with GOOGLE


If you do not have an external account, but do have a local account, you can still log in:

  1. Home
  2. MARC view: Phlebotomy :
Normal view MARC view ISBD view

Phlebotomy : (Record no. 294926)

[ view plain ]
MARC details
000 -LEADER
fixed length control field 01398cam a2200301 i 4500
001 - CONTROL NUMBER
control field 18795688
003 - CONTROL NUMBER IDENTIFIER
control field PILC
005 - DATE AND TIME OF LATEST TRANSACTION
control field 20160523160205.0
008 - FIXED-LENGTH DATA ELEMENTS--GENERAL INFORMATION
fixed length control field 150925s2016 moua b 001 0 eng
010 ## - LIBRARY OF CONGRESS CONTROL NUMBER
LC control number 2015460674
020 ## - INTERNATIONAL STANDARD BOOK NUMBER
International Standard Book Number 9780323279406 (pbk.)
040 ## - CATALOGING SOURCE
Original cataloging agency DLC
Language of cataloging eng
Description conventions rda
Transcribing agency DLC
Modifying agency DLC
042 ## - AUTHENTICATION CODE
Authentication code pcc
050 00 - LIBRARY OF CONGRESS CALL NUMBER
Classification number RB 45.15
Item number .W273 2016
082 00 - DEWEY DECIMAL CLASSIFICATION NUMBER
Classification number 616.07/561
100 1# - MAIN ENTRY--PERSONAL NAME
Personal name Warekois, Robin S.,
Relator term author.
245 10 - TITLE STATEMENT
Title Phlebotomy :
Remainder of title worktext and procedures manual /
Statement of responsibility, etc Robin S. Warekois, MT(ASCP), Avee Laboratory, Clearwater, Florida, Richard Robinson, NASW, Sherborn, Massachusetts ; consulting educator, Pamela B. Primrose, PhD, MLS(ASCP), Program Chair of Medical Laboratory Technology, Professor of Medical Laboratory Technology/Life Sciences, Ivy Tech Community College, South Bend, Indiana.
250 ## - EDITION STATEMENT
Edition statement 4th edition.
260 ## - PUBLICATION, DISTRIBUTION, ETC. (IMPRINT)
Place of publication, distribution, etc Missouri :
Name of publisher, distributor, etc Elsevier,
Date of publication, distribution, etc 2016.
300 ## - PHYSICAL DESCRIPTION
Extent xv, 363 pages :
Other physical details illustrations (some color) ;
Dimensions 26 cm.
500 ## - GENERAL NOTE
General note Includes bibliographical references and index.
505 0# - FORMATTED CONTENTS NOTE
Formatted contents note Introduction to phlebotomy -- Phlebotomy basics -- Specimen collection -- Specimen handling -- Professional issues.
650 #0 - SUBJECT ADDED ENTRY--TOPICAL TERM
Topical term or geographic name as entry element Phlebotomy.
700 1# - ADDED ENTRY--PERSONAL NAME
Personal name Robinson, Richard,
Dates associated with a name 1956-
Relator term author.
906 ## - LOCAL DATA ELEMENT F, LDF (RLIN)
a 7
b cbc
c origcop
d 2
e ncip
f 20
g y-gencatlg
942 ## - ADDED ENTRY ELEMENTS (KOHA)
Source of classification or shelving scheme Library of Congress Classification
Koha item type Books
Holdings
Withdrawn status Lost status Source of classification or shelving scheme Damaged status Home library Current library Shelving location Date acquired Source of acquisition Cost, normal purchase price Sub Shelving location Total Checkouts Total Renewals Full call number Barcode Date last seen Date checked out Price effective from Koha item type
    Library of Congress Classification   South SEED-LPDH College Library South SEED-LPDH College Library South SEED-LPDH College Section 05/23/2016 Library Fund 4858.00   7 33 RB 45.15 .W273 2016 SSLC1437 02/10/2020 01/07/2020 05/23/2016 Books

Phlebotomy :

APA

Warekois R. S., Robinson R., . (2016). Phlebotomy. Missouri: Elsevier.

Chicago

Warekois Robin S, Robinson Richard, . 2016. Phlebotomy. Missouri: Elsevier.

Harvard

Warekois R. S., Robinson R., . (2016). Phlebotomy. Missouri: Elsevier.

MLA

Warekois Robin S, Robinson Richard, . Phlebotomy. Missouri: Elsevier. 2016.

  • Place hold
  • Print
  • Cite
  • Add to your cart (remove)
  • Save record
    BIBTEX Dublin Core MARCXML MARC (non-Unicode/MARC-8) MARC (Unicode/UTF-8) MARC (Unicode/UTF-8, Standard) MODS (XML) RIS
  • More searches
    Search for this title in:
    Other Libraries (WorldCat) Other Databases (Google Scholar) Online Stores (Bookfinder.com) Open Library (openlibrary.org)

Exporting to Dublin Core...

SOUTHVILLE LIBRARY

Southville International School and Colleges Library

1281 Tropical Ave. Cor. Luxembourg St., BF Homes International, Las Pinas City

Tel. No. 8256374 / 252358 Loc. 117/146

Powered by Koha